[Event "Berlin-ch Seniors op 39th"]
[Site "Berlin"]
[Date "2023.01.31"]
[Round "8"]
[White "Ahlberg, Mario"]
[Black "Costello, Colin"]
[Result "1-0"]
[WhiteElo "2008"]
[BlackElo "1857"]
[PlyCount "65"]
[EventDate "2023.01.24"]
[EventType "swiss"]
[EventRounds "9"]
[EventCountry "GER"]
[SourceTitle "CBM 212 Extra"]
[Source "ChessBase"]
[SourceDate "2023.03.31"]
[SourceVersion "1"]
[SourceVersionDate "2023.03.31"]
[SourceQuality "1"]

1. e4 e5 2. Nf3 Nc6 3. d4 exd4 4. c3 d5 5. exd5 Qxd5 6. cxd4 Nf6 7. Nc3 Bb4 8. Be2 0-0 9. 0-0 Qd8 10. h3 Be6 11. Bf4 Nd5 12. Nxd5 Bxd5 13. a3 Bd6 14. Be3 Re8 15. Rc1 Be7 16. Ne5 Bf6 17. f4 g6 18. Bf3 Ne7 19. g4 Bg7 20. Be2 f6 21. Nf3 Nf5 22. Bf2 Nd6 23. Nd2 f5 24. Bf3 c6 25. Bxd5+ cxd5 26. Nf3 Ne4 27. Ne5 Qb6 28. gxf5 gxf5 29. Qh5 Nxf2 30. Rxf2 Qxd4 31. Rc7 Bxe5 32. Qxh7+ Kf8 33. Qf7# 1-0

[Event "Berlin-ch Seniors op 39th"]
[Site "Berlin"]
[Date "2023.01.28"]
[Round "5"]
[White "Mueller, Thomas2222"]
[Black "Ahlberg, Mario"]
[Result "1/2-1/2"]
[WhiteElo "1954"]
[BlackElo "2008"]
[PlyCount "68"]
[EventDate "2023.01.24"]
[EventType "swiss"]
[EventRounds "9"]
[EventCountry "GER"]
[SourceTitle "CBM 212 Extra"]
[Source "ChessBase"]
[SourceDate "2023.03.31"]
[SourceVersion "1"]
[SourceVersionDate "2023.03.31"]
[SourceQuality "1"]

1. d4 Nf6 2. Nf3 d5 3. c4 c6 4. Nc3 dxc4 5. a4 Bg4 6. Ne5 Bh5 7. f3 Nfd7 8. Nxc4 e5 9. e4 Bb4 10. Be3 Qe7 11. Be2 a5 12. 0-0 exd4 13. Bxd4 0-0 14. Kh1 Na6 15. Ne3 f6 16. Nf5 Qe8 17. Na2 Be7 18. Qe1 Nb4 19. Qg3 Bg6 20. Nxe7+ Qxe7 21. Nxb4 Qxb4 22. Rfd1 Rfd8 23. Bc3 Qb6 24. Rd6 Nf8 25. Rad1 Rxd6 26. Qxd6 Bf7 27. e5 Re8 28. f4 Qe3 29. Qd2 Qxd2 30. Rxd2 fxe5 31. fxe5 Bd5 32. Bf3 Bb3 33. Bd1 Bd5 34. Bf3 Bb3 1/2-1/2

[Event "Berlin-ch Seniors op 39th"]
[Site "Berlin"]
[Date "2023.01.27"]
[Round "4"]
[White "Ahlberg, Mario"]
[Black "Kohlmeyer, Dagobert"]
[Result "1-0"]
[WhiteElo "2008"]
[BlackElo "1837"]
[PlyCount "73"]
[EventDate "2023.01.24"]
[EventType "swiss"]
[EventRounds "9"]
[EventCountry "GER"]
[SourceTitle "CBM 212 Extra"]
[Source "ChessBase"]
[SourceDate "2023.03.31"]
[SourceVersion "1"]
[SourceVersionDate "2023.03.31"]
[SourceQuality "1"]

1. e4 e6 2. d4 d5 3. Nc3 Bb4 4. e5 c5 5. Bd2 Bxc3 6. Bxc3 cxd4 7. Qxd4 Nc6 8. Qg4 g6 9. Nf3 h5 10. Qf4 Nh6 11. h3 Nf5 12. 0-0-0 Bd7 13. Bb5 a6 14. Bxc6 Bxc6 15. g4 Ng7 16. Ng5 Qd7 17. Bb4 a5 18. Bc5 b5 19. Ne4 0-0-0 20. Bb6 Ne8 21. Bxd8 Kxd8 22. Ng5 Rf8 23. gxh5 gxh5 24. Nh7 Rg8 25. Rhg1 Rxg1 26. Rxg1 Kc7 27. Ng5 Kb6 28. Qxf7 Qxf7 29. Nxf7 d4 30. Kd2 Kc5 31. Rg5 Bf3 32. Rg3 Be4 33. Nd6 Nxd6 34. exd6 Kxd6 35. Rg5 e5 36. Rxh5 Kc5 37. f4 1-0

[Event "Berlin-ch Seniors op 37th"]
[Site "Berlin"]
[Date "2021.06.09"]
[Round "2"]
[White "Casny, Guenter"]
[Black "Ahlberg, Mario"]
[Result "0-1"]
[WhiteElo "1805"]
[BlackElo "1976"]
[PlyCount "88"]
[EventDate "2021.06.08"]
[EventType "swiss"]
[EventRounds "9"]
[EventCountry "GER"]
[SourceTitle "EXT 2022"]
[Source "ChessBase"]
[SourceDate "2021.10.06"]
[SourceVersion "1"]
[SourceVersionDate "2021.10.06"]
[SourceQuality "1"]

1. e4 Nf6 2. e5 Nd5 3. d4 d6 4. exd6 cxd6 5. Nf3 g6 6. Be2 Bg7 7. c3 0-0 8. 0-0 h6 9. Re1 Nc6 10. Nbd2 e5 11. dxe5 dxe5 12. Nf1 Be6 13. Ng3 f5 14. Bc4 Re8 15. Qc2 Qf6 16. Rd1 Rad8 17. Bd2 e4 18. Ne1 Ne5 19. Bxd5 Bxd5 20. Bf4 Qf7 21. b3 b5 22. Bc1 f4 23. Nf1 g5 24. Bb2 Qc7 25. Rac1 Bc6 26. Rxd8 Rxd8 27. Rd1 Rxd1 28. Qxd1 Qd7 29. Qe2 Nd3 30. Ba1 b4 31. Qd2 a5 32. Nc2 Qd5 33. c4 Qd7 34. Bxg7 Qxg7 35. f3 Qa7+ 36. Nfe3 fxe3 37. Nxe3 Qd4 38. h4 exf3 39. gxf3 Bxf3 40. hxg5 hxg5 41. c5 Bc6 42. Kf1 Qf4+ 43. Kg1 Qg3+ 44. Kf1 Qf3+ 0-1

[Event "GER-ch Net blitz qual4"]
[Site "Playchess.com INT"]
[Date "2021.05.10"]
[Round "9"]
[White "Ahlberg, Mario"]
[Black "Horn, Sven"]
[Result "0-1"]
[WhiteElo "1768"]
[BlackElo "1947"]
[PlyCount "98"]
[EventDate "2021.05.10"]
[EventType "swiss (blitz)"]
[EventRounds "11"]
[EventCountry "GER"]
[SourceTitle "CBM 202 Extra"]
[Source "ChessBase"]
[SourceDate "2021.07.31"]
[SourceVersion "1"]
[SourceVersionDate "2021.07.31"]
[SourceQuality "1"]

1. e4 e5 2. Nf3 Nf6 3. Nxe5 d6 4. Nf3 Nxe4 5. Qe2 Qe7 6. d3 Nf6 7. Bg5 Nbd7 8. Nc3 c6 9. 0-0-0 Qxe2 10. Bxe2 Be7 11. h3 0-0 12. Rhe1 h6 13. Bh4 Bd8 14. g4 Nh7 15. Bg3 d5 16. d4 f6 17. h4 Nb6 18. Nd2 f5 19. f3 f4 20. Bf2 Bf6 21. Bd3 Bd7 22. Nb3 Rae8 23. Nc5 Bc8 24. Bg6 Re7 25. Rxe7 Bxe7 26. Re1 Bd6 27. Ne6 Rf6 28. Bxh7+ Kxh7 29. Nc5 Rf8 30. h5 Nd7 31. b4 b6 32. Nd3 Nf6 33. Ne2 Nd7 34. c3 g5 35. hxg6+ Kxg6 36. Rh1 c5 37. bxc5 bxc5 38. Kd2 c4 39. Ne1 Nf6 40. Ng2 Nh7 41. Nh4+ Kg5 42. Nf5 Bxf5 43. gxf5 Rxf5 44. Bh4+ Kg6 45. Bd8 Ng5 46. Bxg5 Rxg5 47. Rb1 h5 48. Rb7 h4 49. Rd7 Bf8 0-1

[Event "GER-ch Net blitz qual4"]
[Site "Playchess.com INT"]
[Date "2021.05.10"]
[Round "11"]
[White "Gypser, Andreas"]
[Black "Ahlberg, Mario"]
[Result "1-0"]
[WhiteElo "1891"]
[BlackElo "1768"]
[PlyCount "51"]
[EventDate "2021.05.10"]
[EventType "swiss (blitz)"]
[EventRounds "11"]
[EventCountry "GER"]
[SourceTitle "CBM 202 Extra"]
[Source "ChessBase"]
[SourceDate "2021.07.31"]
[SourceVersion "1"]
[SourceVersionDate "2021.07.31"]
[SourceQuality "1"]

1. e4 Nf6 2. e5 Nd5 3. d4 d6 4. c4 Nb6 5. exd6 cxd6 6. Nc3 g6 7. Be3 Bg7 8. Rc1 0-0 9. Be2 Nc6 10. Nf3 e5 11. 0-0 h6 12. Qd2 Kh7 13. dxe5 dxe5 14. Rfd1 Qxd2 15. Rxd2 Be6 16. b3 Rfd8 17. Rcd1 f5 18. Nb5 Rxd2 19. Rxd2 e4 20. Nfd4 Bd7 21. Nc7 Rd8 22. Nxc6 bxc6 23. Ne6 Rg8 24. Nxg7 Rxg7 25. Bd4 Rf7 26. Bc5 1-0

[Event "GER Cup Net V3 U2000"]
[Site "Playchess.com INT"]
[Date "2020.05.27"]
[Round "3"]
[White "Ahlberg, Mario"]
[Black "Ebner, Hermann"]
[Result "0-1"]
[WhiteElo "1908"]
[BlackElo "1372"]
[PlyCount "90"]
[EventDate "2020.05.27"]
[EventType "swiss (blitz)"]
[EventRounds "9"]
[EventCountry "GER"]
[SourceTitle "EXT 2021"]
[Source "ChessBase"]
[SourceDate "2020.10.23"]
[SourceVersion "1"]
[SourceVersionDate "2020.10.23"]
[SourceQuality "1"]

1. e4 c6 2. d4 d5 3. exd5 cxd5 4. c4 Nf6 5. Nc3 e6 6. Nf3 Be7 7. cxd5 Nxd5 8. Bd3 Nxc3 9. bxc3 0-0 10. 0-0 h6 11. Qe2 Nd7 12. Qe4 Nf6 13. Qh4 Nd5 14. Qg3 Nxc3 15. Bxh6 Bf6 16. Rfc1 Nd5 17. Bd2 g6 18. Ne5 Bg7 19. Bg5 f6 20. Nxg6 fxg5 21. Nxf8 Qxf8 22. Qh3 Kf7 23. Qh5+ Ke7 24. Qxg5+ Qf6 25. Qg3 Bd7 26. Be4 Bc6 27. Bxd5 exd5 28. Qc7+ Kf8 29. Re1 Re8 30. Rxe8+ Kxe8 31. Re1+ Kf8 32. Re5 Qf7 33. Qc8+ Be8 34. Rf5 Bf6 35. g4 Kg7 36. g5 Bd7 37. gxf6+ Kg6 38. Qc7 Bxf5 39. Qe5 Qe6 40. Qg3+ Kh5 41. Kg2 Bg4 42. h3 Qe4+ 43. Kh2 Bxh3 44. Qxh3+ Kg6 45. Qg3+ Kxf6 0-1

[Event "GER Cup Net V3 U2000"]
[Site "Playchess.com INT"]
[Date "2020.05.27"]
[Round "1"]
[White "Ahlberg, Mario"]
[Black "Fock, Sana"]
[Result "0-1"]
[WhiteElo "1908"]
[BlackElo "1678"]
[PlyCount "108"]
[EventDate "2020.05.27"]
[EventType "swiss (blitz)"]
[EventRounds "9"]
[EventCountry "GER"]
[SourceTitle "EXT 2021"]
[Source "ChessBase"]
[SourceDate "2020.10.23"]
[SourceVersion "1"]
[SourceVersionDate "2020.10.23"]
[SourceQuality "1"]

1. e4 c5 2. Nf3 d6 3. Bb5+ Bd7 4. Qe2 e6 5. c3 a6 6. Bxd7+ Qxd7 7. 0-0 Nc6 8. Rd1 Nf6 9. d4 cxd4 10. cxd4 d5 11. e5 Ne4 12. Nbd2 Nxd2 13. Bxd2 Be7 14. Rac1 0-0 15. h4 b5 16. Rc3 Bb4 17. Rd3 Rfc8 18. Bc1 Be7 19. Ng5 h6 20. Nh3 Nb4 21. Rg3 Kh7 22. Qg4 Rg8 23. a3 Nc6 24. f4 f5 25. Qg6+ Kh8 26. Ng5 Bxg5 27. hxg5 Ne7 28. Qh5 Qe8 29. Qh3 Qg6 30. Qh2 Kh7 31. gxh6 Qxg3 32. Qxg3 gxh6 33. Qf3 Rg4 34. Kf2 Rag8 35. Be3 Ng6 36. Rc1 Nh4 37. Rg1 Nxf3 38. Kxf3 Rg3+ 39. Kf2 h5 40. Kf1 Rxe3 41. Kf2 Rb3 42. Rb1 h4 43. Kf1 Rbg3 44. Rc1 Rxg2 45. Rc6 Rg1+ 46. Kf2 R8g2+ 47. Kf3 Rg3+ 48. Kf2 R1g2+ 49. Kf1 Rxb2 50. Rxe6 Rxa3 51. Re7+ Kg8 52. Re8+ Kf7 53. e6+ Kxe8 54. Ke1 Ra1# 0-1

[Event "GER Cup Net V3 U2000"]
[Site "Playchess.com INT"]
[Date "2020.05.27"]
[Round "7"]
[White "Noack, Thomas"]
[Black "Ahlberg, Mario"]
[Result "1-0"]
[WhiteElo "1577"]
[BlackElo "1908"]
[PlyCount "61"]
[EventDate "2020.05.27"]
[EventType "swiss (blitz)"]
[EventRounds "9"]
[EventCountry "GER"]
[SourceTitle "EXT 2021"]
[Source "ChessBase"]
[SourceDate "2020.10.23"]
[SourceVersion "1"]
[SourceVersionDate "2020.10.23"]
[SourceQuality "1"]

1. e4 Nf6 2. e5 Nd5 3. d4 d6 4. Bc4 Nb6 5. Bb3 g6 6. f4 Bg7 7. Nf3 0-0 8. 0-0 Bg4 9. Qe1 Bxf3 10. Rxf3 Nc6 11. c3 e6 12. Nd2 d5 13. Nf1 a5 14. g4 Ne7 15. Bc2 Qd7 16. Ng3 a4 17. f5 exf5 18. gxf5 gxf5 19. Bxf5 Qc6 20. Nh5 Ng6 21. Kh1 Rae8 22. Bg5 Nd7 23. Qg3 Kh8 24. Qh3 Rg8 25. Bxd7 Qxd7 26. Qxd7 Rgf8 27. Rxf7 Nxe5 28. Rxf8+ Bxf8 29. Qxe8 Kg8 30. dxe5 h6 31. Bxh6 1-0

[Event "GER Cup Net V1 U2000"]
[Site "Playchess.com INT"]
[Date "2020.05.19"]
[Round "1"]
[White "Powalla, Christian"]
[Black "Ahlberg, Mario"]
[Result "1-0"]
[WhiteElo "1702"]
[BlackElo "1920"]
[PlyCount "87"]
[EventDate "2020.05.19"]
[EventType "swiss (blitz)"]
[EventRounds "9"]
[EventCountry "GER"]
[SourceTitle "EXT 2021"]
[Source "ChessBase"]
[SourceDate "2020.10.23"]
[SourceVersion "1"]
[SourceVersionDate "2020.10.23"]
[SourceQuality "1"]

1. e4 Nf6 2. e5 Nd5 3. c4 Nb6 4. c5 Nd5 5. Nc3 Nxc3 6. dxc3 e6 7. Qg4 b6 8. cxb6 axb6 9. Nf3 Ba6 10. Bxa6 Rxa6 11. 0-0 Qe7 12. Bg5 f6 13. exf6 Qxf6 14. Bxf6 gxf6 15. Rfe1 Kd8 16. Rad1 Kc8 17. a3 Bd6 18. Qg7 Rd8 19. Qxf6 Nc6 20. Nd4 Rf8 21. Qg7 Nd8 22. Nb5 Bc5 23. Re2 Rf7 24. Qg8 Bf8 25. Red2 Ra5 26. c4 h6 27. Qg3 d6 28. Qe3 Kb7 29. Qe4+ Nc6 30. Nd4 d5 31. cxd5 exd5 32. Qe6 Nd8 33. Qe8 Ra8 34. Rc2 Bc5 35. Nf3 Re7 36. Qg6 Re6 37. Qf5 Rd6 38. Rxd5 Rc6 39. Rcd2 Ne6 40. Qe4 Ng5 41. Nxg5 hxg5 42. Rxg5 Rf8 43. Rg6 Rff6 44. Rxf6 1-0

[Event "GER Cup Net V1 U2000"]
[Site "Playchess.com INT"]
[Date "2020.05.19"]
[Round "8"]
[White "Schubert, Joachim"]
[Black "Ahlberg, Mario"]
[Result "0-1"]
[WhiteElo "1715"]
[BlackElo "1920"]
[PlyCount "58"]
[EventDate "2020.05.19"]
[EventType "swiss (blitz)"]
[EventRounds "9"]
[EventCountry "GER"]
[SourceTitle "EXT 2021"]
[Source "ChessBase"]
[SourceDate "2020.10.23"]
[SourceVersion "1"]
[SourceVersionDate "2020.10.23"]
[SourceQuality "1"]

1. e4 Nf6 2. Nc3 d5 3. e5 d4 4. exf6 dxc3 5. fxg7 cxd2+ 6. Bxd2 Bxg7 7. c3 Qd5 8. Nf3 Bf5 9. Be2 Nc6 10. 0-0 0-0-0 11. Be3 Qa5 12. Qb3 Be6 13. Qc2 h5 14. b4 Qf5 15. Qa4 Kb8 16. Rac1 h4 17. Bb5 Bd7 18. Bxc6 Bxc6 19. Qxa7+ Kc8 20. Rcd1 b6 21. Nd4 Bxd4 22. Bxd4 Rhg8 23. f3 h3 24. Rd2 Rxg2+ 25. Rxg2 hxg2 26. Rf2 Kd7 27. Kxg2 Ra8 28. b5 Rxa7 29. bxc6+ Kxc6 0-1

[Event "GER-ch Net Amateur Gr-A Vor3"]
[Site "Playchess.com INT"]
[Date "2020.04.16"]
[Round "1"]
[White "Ahlberg, Mario"]
[Black "Engel, Robert"]
[Result "1-0"]
[WhiteElo "1692"]
[BlackElo "1975"]
[PlyCount "171"]
[EventDate "2020.04.16"]
[EventType "swiss (blitz)"]
[EventRounds "9"]
[EventCountry "GER"]
[SourceTitle "CBM 195 Extra"]
[Source "ChessBase"]
[SourceDate "2020.05.31"]
[SourceVersion "1"]
[SourceVersionDate "2020.05.31"]
[SourceQuality "1"]

1. e4 c5 2. Nf3 d6 3. Bb5+ Nd7 4. d4 cxd4 5. Qxd4 a6 6. Bxd7+ Bxd7 7. c4 Rc8 8. Nc3 Qc7 9. b3 e6 10. 0-0 b5 11. Bb2 bxc4 12. Rac1 Nf6 13. Ne2 Qb7 14. e5 dxe5 15. Nxe5 Bc5 16. Qf4 cxb3 17. Nxd7 Qxd7 18. Bxf6 gxf6 19. Qxf6 Rg8 20. axb3 Qd5 21. Ng3 Bd4 22. Rxc8+ Kd7 23. Qxf7+ Kxc8 24. Qxg8+ Kb7 25. Qxh7+ Kb6 26. Rc1 Be5 27. Qc2 a5 28. Qc4 Qd6 29. b4 axb4 30. Rb1 Bc3 31. Nf1 Qe5 32. Ne3 Bd2 33. Rxb4+ Bxb4 34. Qxb4+ Kc7 35. Qc4+ Kd7 36. Qd3+ Ke8 37. Qg6+ Kd8 38. Qg8+ Kd7 39. Qf7+ Kc6 40. Qe8+ Kb7 41. Qd7+ Ka6 42. Qc6+ Ka7 43. g3 Qa1+ 44. Kg2 Qe5 45. Qa4+ Kb7 46. Qb4+ Ka8 47. Qf8+ Kb7 48. h4 Qe4+ 49. Kh3 Qh1+ 50. Kg4 Qe4+ 51. Kg5 Qe5+ 52. Kh6 Ka6 53. Qc8+ Kb5 54. Qc4+ Kb6 55. Qb4+ Ka6 56. Qc4+ Kb6 57. Qb4+ Ka6 58. Qa4+ Kb6 59. Qb3+ Ka6 60. Qa4+ Kb6 61. Nc4+ Kc5 62. Nxe5 Kd5 63. Qb3+ Kxe5 64. g4 Kf6 65. Qxe6+ Kxe6 66. Kg6 Ke7 67. h5 Kf8 68. h6 Kg8 69. Kh5 Kh7 70. g5 Kg8 71. g6 Kh8 72. h7 Kg7 73. f4 Kh8 74. f5 Kg7 75. Kg5 Kh8 76. Kf4 Kg7 77. Ke5 Kh8 78. Ke6 Kg7 79. Ke7 Kh8 80. Ke6 Kg7 81. f6+ Kh8 82. g7+ Kxh7 83. Kf7 Kh6 84. g8Q Kh5 85. Qg3 Kh6 86. Qg6# 1-0

[Event "GER-ch Net Amateur Gr-A Vor3"]
[Site "Playchess.com INT"]
[Date "2020.04.16"]
[Round "2"]
[White "Wend, Uwe"]
[Black "Ahlberg, Mario"]
[Result "1-0"]
[WhiteElo "2016"]
[BlackElo "1720"]
[PlyCount "75"]
[EventDate "2020.04.16"]
[EventType "swiss (blitz)"]
[EventRounds "9"]
[EventCountry "GER"]
[SourceTitle "CBM 195 Extra"]
[Source "ChessBase"]
[SourceDate "2020.05.31"]
[SourceVersion "1"]
[SourceVersionDate "2020.05.31"]
[SourceQuality "1"]

1. e4 Nf6 2. d3 e5 3. f4 d5 4. fxe5 Ng4 5. Be2 Nxe5 6. Nf3 Nxf3+ 7. Bxf3 dxe4 8. Bxe4 Bc5 9. Qe2 0-0 10. Nc3 f5 11. Bd5+ Kh8 12. Qf3 c6 13. Bb3 Re8+ 14. Kf1 Qh4 15. Bf4 Nd7 16. Bg3 Qg4 17. Re1 Rxe1+ 18. Kxe1 Nf6 19. Kd2 Qxf3 20. gxf3 Bd7 21. Be5 Be7 22. Re1 Rf8 23. Ne2 Ne8 24. Nf4 Bg5 25. Kd1 Nf6 26. c3 Re8 27. d4 Bxf4 28. Bxf4 Nd5 29. Be5 h6 30. c4 Nf6 31. Kd2 Kh7 32. Bc2 Ng8 33. Rg1 g6 34. h4 Ne7 35. h5 gxh5 36. Rg7+ Kh8 37. Rxe7+ Kg8 38. Rxd7 1-0

[Event "GER-ch Net Amateur Gr-A Vor1"]
[Site "Playchess.com INT"]
[Date "2020.04.14"]
[Round "5"]
[White "Ahlberg, Mario"]
[Black "Mueller, Markus1111"]
[Result "0-1"]
[WhiteElo "1646"]
[BlackElo "1928"]
[PlyCount "142"]
[EventDate "2020.04.14"]
[EventType "swiss (blitz)"]
[EventRounds "9"]
[EventCountry "GER"]
[SourceTitle "EXT 2021"]
[Source "ChessBase"]
[SourceDate "2020.10.23"]
[SourceVersion "1"]
[SourceVersionDate "2020.10.23"]
[SourceQuality "1"]

1. e4 c6 2. d4 d5 3. exd5 cxd5 4. c4 Nf6 5. Nc3 Be6 6. c5 g6 7. Nge2 Bg7 8. Nf4 Bf5 9. Bd3 Bxd3 10. Qxd3 0-0 11. 0-0 Nc6 12. Be3 Re8 13. Rfd1 e6 14. a3 a5 15. Nb5 Bf8 16. Ne2 Qd7 17. f4 Ne4 18. Nec3 f5 19. Nxe4 dxe4 20. Qc4 Red8 21. b4 axb4 22. axb4 Rxa1 23. Rxa1 Qd5 24. Qxd5 Rxd5 25. Nc7 Rd8 26. Nxe6 Re8 27. Nxf8 Kxf8 28. b5 Nb4 29. Ra7 Re7 30. Kf2 Kf7 31. Ke2 Ke6 32. Bd2 Nd5 33. c6 bxc6 34. Rxe7+ Nxe7 35. b6 Kd7 36. Bb4 Nd5 37. Bc5 Nxf4+ 38. Kf2 Nd5 39. h4 Kc8 40. h5 Kb7 41. hxg6 hxg6 42. g4 Nxb6 43. gxf5 gxf5 44. Ke2 Nd5 45. Kf2 Kc7 46. Ke2 Kd7 47. Kf2 Ke6 48. Kg2 Nf6 49. Kg3 Nd7 50. Ba7 Nf6 51. Kf4 Nd5+ 52. Kg3 Kf6 53. Bb8 Kg5 54. Bd6 f4+ 55. Kf2 Kg4 56. Be7 f3 57. Bd6 e3+ 58. Kf1 Kf5 59. Bb8 Ke4 60. Ke1 Kxd4 61. Bg3 Kd3 62. Kf1 Nb4 63. Ke1 Nc2+ 64. Kd1 e2+ 65. Kc1 e1Q+ 66. Bxe1 Nxe1 67. Kd1 f2 68. Kc1 f1Q 69. Kb2 Nc2 70. Kb3 Qb1+ 71. Ka4 Qb4# 0-1

[Event "GER-ch Net Amateur Gr-A Vor1"]
[Site "Playchess.com INT"]
[Date "2020.04.14"]
[Round "8"]
[White "Ahlberg, Mario"]
[Black "Noldt, Torsten"]
[Result "1-0"]
[WhiteElo "1618"]
[BlackElo "1646"]
[PlyCount "87"]
[EventDate "2020.04.14"]
[EventType "swiss (blitz)"]
[EventRounds "9"]
[EventCountry "GER"]
[SourceTitle "EXT 2021"]
[Source "ChessBase"]
[SourceDate "2020.10.23"]
[SourceVersion "1"]
[SourceVersionDate "2020.10.23"]
[SourceQuality "1"]

1. e4 d6 2. d4 Nf6 3. Nc3 g6 4. Bg5 h6 5. Bxf6 exf6 6. Bd3 Bg7 7. Nge2 0-0 8. 0-0 c5 9. d5 a6 10. h3 b5 11. Nf4 c4 12. Be2 f5 13. exf5 Bxf5 14. g4 Bd7 15. Rb1 Be5 16. Ng2 Qf6 17. Ne4 Qg7 18. f4 Bd4+ 19. Kh1 f5 20. Nxd6 fxg4 21. hxg4 Qe7 22. Qxd4 Qxd6 23. Qe5 Qc5 24. Bf3 Ra7 25. Rbe1 Qc8 26. Qe4 Kg7 27. Qd4+ Kh7 28. Qxa7 Rf7 29. Qd4 Bxg4 30. Re6 Bxe6 31. dxe6 Qxe6 32. Bd5 Qh3+ 33. Kg1 Rf5 34. Be6 Nc6 35. Qd7+ Kh8 36. Bxf5 gxf5 37. Qxc6 Qg3 38. Qxh6+ Kg8 39. Qg5+ Qxg5 40. fxg5 Kg7 41. Ne3 Kg6 42. Rxf5 a5 43. Rc5 b4 44. Nxc4 1-0

[Event "GER-ch Net Amateur Gr-A Vor1"]
[Site "Playchess.com INT"]
[Date "2020.04.14"]
[Round "7"]
[White "Bardorz, Jana"]
[Black "Ahlberg, Mario"]
[Result "1-0"]
[WhiteElo "1736"]
[BlackElo "1630"]
[PlyCount "75"]
[EventDate "2020.04.14"]
[EventType "swiss (blitz)"]
[EventRounds "9"]
[EventCountry "GER"]
[SourceTitle "EXT 2021"]
[Source "ChessBase"]
[SourceDate "2020.10.23"]
[SourceVersion "1"]
[SourceVersionDate "2020.10.23"]
[SourceQuality "1"]

1. e4 Nf6 2. e5 Nd5 3. d4 d6 4. c4 Nb6 5. exd6 cxd6 6. Nc3 g6 7. Nf3 Bg7 8. Be3 0-0 9. Be2 Nc6 10. 0-0 h6 11. Qd2 Kh7 12. h3 e5 13. d5 Ne7 14. Rad1 f5 15. c5 f4 16. cxb6 fxe3 17. Qxe3 Nf5 18. Qd2 Qxb6 19. Ne4 Qd8 20. g4 Nh4 21. Nxh4 Qxh4 22. Kg2 Qe7 23. Ng3 b6 24. Bd3 Bb7 25. Be4 Rf6 26. Nh5 Rf4 27. Nxf4 exf4 28. Qxf4 Rf8 29. Qe3 Bc8 30. Bxg6+ Kxg6 31. Qxe7 Rf6 32. Rde1 Ba6 33. Rg1 Bf8 34. Qe8+ Kg7 35. Re6 Rf7 36. Rge1 Bc4 37. Qc6 Bxa2 38. Qc2 1-0

[Event "Berlin-ch Seniors op 36th"]
[Site "Berlin"]
[Date "2020.02.04"]
[Round "7.13"]
[White "Jaeger, Andre"]
[Black "Ahlberg, Mario"]
[Result "1/2-1/2"]
[WhiteElo "1850"]
[BlackElo "1989"]
[PlyCount "73"]
[EventDate "2020.01.28"]
[EventType "swiss"]
[EventRounds "9"]
[EventCountry "GER"]
[SourceTitle "EXT 2024"]
[Source "ChessBase"]
[SourceDate "2023.10.10"]
[SourceVersion "1"]
[SourceVersionDate "2023.10.10"]
[SourceQuality "1"]

1. d4 Nf6 2. c4 e5 3. dxe5 Ng4 4. Nf3 Bc5 5. e3 Nc6 6. a3 a5 7. Qd5 Qe7 8. Nc3 Ngxe5 9. Nxe5 Nxe5 10. Ne4 d6 11. Nxc5 dxc5 12. Bd2 0-0 13. Bc3 Re8 14. Qxe5 Qxe5 15. Bxe5 Rxe5 16. 0-0-0 Bg4 17. Rd2 Bf5 18. Be2 Be4 19. f3 Bc6 20. e4 Rae8 21. Bd3 R5e6 22. Rhd1 g5 23. Bc2 Kg7 24. Rd8 g4 25. Rxe8 Rxe8 26. fxg4 Bxe4 27. Re1 Bc6 28. Rxe8 Bxe8 29. Be4 b5 30. cxb5 Bxb5 31. Kd2 h6 32. Ke3 Bc4 33. Kf4 f6 34. Bc6 Kf7 35. Kf5 Bd3+ 36. Be4 Bc4 37. h4 1/2-1/2

[Event "Berlin-ch Seniors op 36th"]
[Site "Berlin"]
[Date "2020.02.03"]
[Round "6.5"]
[White "Ahlberg, Mario"]
[Black "Albrecht, Rainer"]
[Result "0-1"]
[WhiteElo "1989"]
[BlackElo "2046"]
[PlyCount "108"]
[EventDate "2020.01.28"]
[EventType "swiss"]
[EventRounds "9"]
[EventCountry "GER"]
[SourceTitle "EXT 2024"]
[Source "ChessBase"]
[SourceDate "2023.10.10"]
[SourceVersion "1"]
[SourceVersionDate "2023.10.10"]
[SourceQuality "1"]

1. e4 d5 2. exd5 Qxd5 3. Nc3 Qd8 4. d4 Nf6 5. Nf3 g6 6. Bc4 Bg7 7. h3 0-0 8. 0-0 a6 9. a4 Nc6 10. Bg5 b6 11. Ne2 Bb7 12. Ng3 h6 13. Be3 e6 14. c3 Ne7 15. Bd3 Ned5 16. Bd2 Qd6 17. Qc1 Kh7 18. Ne4 Nxe4 19. Bxe4 Nxc3 20. bxc3 Bxe4 21. Bf4 Qe7 22. Nd2 Bd5 23. Rb1 Rad8 24. Re1 Rd7 25. Qc2 Rc8 26. Qd3 a5 27. Nf1 Bb7 28. Qg3 Qd8 29. Nd2 c5 30. Nc4 cxd4 31. Nxb6 Rxc3 32. f3 Re7 33. Bd6 Re8 34. Nc4 Bxf3 35. Bc7 Qg5 36. Qxg5 hxg5 37. Nd6 Ra8 38. Nb5 Bc6 39. Nxc3 dxc3 40. Be5 Bxe5 41. Rxe5 Bxa4 42. Rc5 c2 43. Rb7 Kh8 44. Kh2 Rd8 45. Rbc7 Rd5 46. Rc8+ Kg7 47. Rc4 Bb3 48. Rc3 a4 49. Kg3 f5 50. Ra8 Rd3+ 51. Rxd3 c1Q 52. Ra7+ Kf6 53. Rd4 Qe1+ 54. Kf3 Bd1+ 0-1

[Event "Berlin-ch Seniors op 36th"]
[Site "Berlin"]
[Date "2020.01.30"]
[Round "3.18"]
[White "Gaudernak, Stefan"]
[Black "Ahlberg, Mario"]
[Result "0-1"]
[WhiteElo "1829"]
[BlackElo "1989"]
[PlyCount "54"]
[EventDate "2020.01.28"]
[EventType "swiss"]
[EventRounds "9"]
[EventCountry "GER"]
[SourceTitle "EXT 2024"]
[Source "ChessBase"]
[SourceDate "2023.10.10"]
[SourceVersion "1"]
[SourceVersionDate "2023.10.10"]
[SourceQuality "1"]

1. e4 Nf6 2. Nc3 d5 3. exd5 Nxd5 4. Bc4 Nxc3 5. bxc3 e6 6. d4 Be7 7. Qg4 0-0 8. Nf3 e5 9. Qe4 exd4 10. Nxd4 c5 11. Ne2 Nc6 12. 0-0 Bf6 13. Bf4 Re8 14. Qf3 Be6 15. Bxe6 Rxe6 16. Rab1 Qa5 17. Rxb7 Qa6 18. Rc7 Bd8 19. Ng3 Bxc7 20. Bxc7 Qxa2 21. Qd3 Ne5 22. Bxe5 Rxe5 23. c4 Rae8 24. f3 Qa5 25. Rd1 Re1+ 26. Kf2 Rxd1 27. Qxd1 Qc3 0-1

[Event "Berlin-ch Seniors op 35th"]
[Site "Berlin"]
[Date "2019.02.06"]
[Round "8"]
[White "Schmidt, Dietrich"]
[Black "Ahlberg, Mario"]
[Result "1-0"]
[WhiteElo "1898"]
[BlackElo "2038"]
[PlyCount "53"]
[EventDate "2019.01.29"]
[EventType "swiss"]
[EventRounds "9"]
[EventCountry "GER"]
[SourceTitle "CBM 189 Extra"]
[Source "ChessBase"]
[SourceDate "2019.06.03"]
[SourceVersion "1"]
[SourceVersionDate "2019.06.03"]
[SourceQuality "1"]

1. e4 Nf6 2. Nc3 d5 3. exd5 Nxd5 4. Bc4 Nxc3 5. Qf3 e6 6. dxc3 Qf6 7. Qe2 Bd6 8. Nf3 h6 9. Be3 Nd7 10. 0-0-0 0-0 11. g4 Ne5 12. Nxe5 Qxe5 13. f4 Qe4 14. Bd3 Qa4 15. Rdf1 Qe8 16. h4 f5 17. Rhg1 Be7 18. g5 Kh7 19. gxh6 gxh6 20. h5 Bf6 21. Rg6 Qe7 22. Bd4 Bxd4 23. cxd4 Bd7 24. Rfg1 Rg8 25. Bxf5 Qf8 26. Rg7+ Kh8 27. Rh7# 1-0